书目信息 |
| 题名: |
食品加工技术.工艺和配方大全续集4(上)
|
|
| 作者: | 刘宝家 | |
| 分册: | ||
| 出版信息: | 科学技术文献出版社 1998. 8 |
|
| 页数: | 427页 | |
| 开本: | 16开 | |
| 丛书名: | ||
| 单 册: | ||
| 中图分类: | TS201.1 | |
| 科图分类: | ||
| 主题词: | 食品工业 | |
| 电子资源: | ||
| ISBN: | ||
| 000 | 00574nam0 2200193 45 | |
| 001 | 0308271035 | |
| 005 | 20030827105642.6 | |
| 010 | @dRMB38.00 | |
| 100 | @a20030827d1998 km y0chiy0120 ea | |
| 101 | @achi | |
| 105 | @a z 000yy | |
| 200 | 1 | @a食品加工技术.工艺和配方大全续集4(上)@Ashi pin jia gong ji shu.gong yi he pei fang da quan xu ji 4(shang)@f刘宝家@Fliu bao jia |
| 210 | @c科学技术文献出版社@d1998. 8 | |
| 215 | @a427页@c无图表@d16开 | |
| 606 | 0 | @a食品工业 |
| 690 | @aTS201.1@v3 | |
| 701 | 0 | @a刘宝家 |
| 801 | @aCN@b@c20030827 | |
| 905 | @aBZT@dTS201.1@e152-4/1 | |
| 食品加工技术.工艺和配方大全续集4(上)/刘宝家.-科学技术文献出版社,1998. 8 |
| 427页:无图表;16开 |
| ISBN :RMB38.00 |
| ● |
| 相关链接 |
|
|
|
正题名:食品加工技术·工艺和配方大全续集4(上)
索取号:TS201.1/152-4/1
 
预约/预借
| 序号 | 登录号 | 条形码 | 馆藏地/架位号 | 状态 | 备注 |